Distinguished figures in mechanism and machine science : their contributions and legacies. Part 2 /

Bibliographic Details
Corporate Author: SpringerLink (Online service)
Other Authors: Ceccarelli, Marco
Format: eBook
Language:English
Published: Dordrecht ; New York : Springer, [2010]
Series:History of mechanism and machine science ; v. 7.
Subjects:
Online Access:Connect to the full text of this electronic book

MARC

Tag First Indicator Second Indicator Subfields
LEADER 00000cam a2200000Ia 4500
001 in00002575018
005 20210727090356.0
006 m d
007 cr cn|
008 100323s2010 ne a sb 001 0ceng d
020 |a 9048123461 
020 |a 9789048123469 
035 |a (OCoLC)567367909 
035 |a (OCoLC)ocn567367909 
035 |a 3706623 
037 |a 978-90-481-2345-2  |b Springer  |n http://www.springerlink.com 
040 |a GW5XE  |b eng  |c GW5XE  |d UtOrBLW 
049 |a TXAC 
050 1 4 |a TJ139  |b .D57 2010 
082 0 4 |a 621.815  |2 22 
245 0 0 |a Distinguished figures in mechanism and machine science :  |b their contributions and legacies.  |n Part 2 /  |c Marco Ceccarelli, editor. 
264 1 |a Dordrecht ;  |a New York :  |b Springer,  |c [2010] 
264 4 |c ©2010 
300 |a viii, 261 pages :  |b illustrations ;  |c 25 cm. 
336 |a text  |b txt  |2 rdacontent 
337 |a computer  |b c  |2 rdamedia 
338 |a online resource  |b cr  |2 rdacarrier 
490 1 |a History of mechanism and machine science ;  |v v. 7 
500 |a Electronic resource. 
504 |a Includes bibliographical references and index. 
533 |a Electronic reproduction.  |b New York :  |c Springer,  |d 2010.  |n Mode of access: World Wide Web.  |n System requirements: Web browser.  |n Title from title screen (viewed on Feb. 18, 2010).  |n Access may be restricted to users at subscribing institutions. 
650 0 |a Mechanical engineering  |x History.  |0 http://id.loc.gov/authorities/subjects/sh2010101110 
650 0 |a Mechanical engineers  |v Biography. 
655 7 |a Electronic books.  |2 local 
700 1 |a Ceccarelli, Marco.  |0 http://id.loc.gov/authorities/names/n00004571 
710 2 |a SpringerLink (Online service)  |0 http://id.loc.gov/authorities/names/no2005046756 
776 1 |c Original  |z 9789048123452  |z 9048123453  |z 9789048123469  |z 9048123461  |w (DLC) 2009941468  |w (OCoLC)500007281 
830 0 |a History of mechanism and machine science ;  |v v. 7.  |0 http://id.loc.gov/authorities/names/no2007126909 
856 4 0 |u http://proxy.library.tamu.edu/login?url=https://dx.doi.org/10.1007/978-90-481-2346-9  |z Connect to the full text of this electronic book  |t 0 
994 |a 92  |b TXA 
999 |a MARS 
999 f f |s 70666c34-0349-3fa7-8a17-767b26582ceb  |i e8df7831-c190-3efc-9e0e-7d9fa1b907f7  |t 0 
952 f f |a Texas A&M University  |b College Station  |c Electronic Resources  |d Available Online  |t 0  |e TJ139 .D57 2010  |h Library of Congress classification 
998 f f |a TJ139 .D57 2010  |t 0  |l Available Online